| 000 | 00442nam a2200133Ia 4500 | ||
|---|---|---|---|
| 008 | 210430s9999 xx 000 0 und d | ||
| 020 | _a 978-0071487498 | ||
| 082 | _a662.88 D756 B | ||
| 100 |
_aCay M. Drapcho Nghiem Phu Nhuan Terry H. Walker _953592 |
||
| 245 |
_aBiofuels Engineering Process Technology / _cCay M. Drapcho, Nghiem Phu Nhuan, Terry H. Walker |
||
| 260 |
_aUSA _bMc Graw-Hill _c2008 |
||
| 300 | _a371 p. | ||
| 942 |
_cBK _2ddc |
||
| 999 |
_c563653 _d563653 |
||